000 00785nam a2200253 4500
999 _c128824
_d128824
001 2650895
003 ARRUPE
005 20190125102002.0
008 680301s1967 enkab b 000 0 eng
010 _a 68076167
015 _aB67-25111
040 _aDLC
_cDLC
_dDLC
050 0 0 _aSPC. BL2600
_b.P6
082 0 0 _a299/.9
100 1 _aPoignant, Roslyn.
_944180
245 1 0 _aOceanic mythology:
_bthe myths of Polynesia, Micronesia, Melanesia, Australia.
_cRoslyn Poignant
260 _aLondon,
_bHamlyn
_c[1967]
300 _a5-141 p.
_bcol. front., illus. (some col.), map.
_c28 1/2 cm.
350 _a15/-
500 _aIllus. on endpapers.
504 _aBibliography: p. 138.
650 0 _aMythology, Oceanian.
_944181
906 _a7
_bcbc
_corignew
_du
_encip
_f19
_gy-gencatlg
942 _2lcc
_cSPC